| 000 | 00685nam a2200193 u 4500 | ||
|---|---|---|---|
| 003 | AM-YeHGA | ||
| 005 | 20250617154220.0 | ||
| 008 | 110627s1948 ru |||||||||||||||||rus|c | ||
| 040 | _aAM-YeHGA | ||
| 041 | 0 | _arus | |
| 100 | 1 | _aЛеонов, Савелий Родионович | |
| 245 | 1 | 0 |
_aМолодость : _bРоман / _cС. Леонов |
| 260 |
_aКурск : _bизд. и тип. изд-ва "Курская правда", _c1948. |
||
| 300 |
_a159 с.; _c20 см. |
||
| 650 | 1 | 4 | _aКлассовая борьба в деревне (х. л.) |
| 650 | 1 | 4 | _aГражданская война в СССР, 1917-1922 (х. л.) |
| 942 |
_2udc _cBK |
||
| 090 | _c409512 | ||
| 999 |
_c407245 _d407245 |
||